Chồng con

Сохранить в:
Библиографические подробности
Главный автор: Trần Tiêu
Формат:
Опубликовано: Hải Phòng Nxb Hải Phòng 1994
Предметы:
Метки: Добавить метку
Нет меток, Требуется 1-ая метка записи!
Thư viện lưu trữ: Trung tâm Học liệu Lê Vũ Hùng, Trường Đại học Đồng Tháp
LEADER 00782pam a22002298a 4500
001 00020246
005 20171026081025.0
008 110513s1994 ||||||Viesd
041 0 # |a Vie 
082 1 4 |a 895.922 334  |b CH455C 
100 0 # |a Trần Tiêu 
245 0 0 |a Chồng con  |c Trần Tiêu 
260 # # |a Hải Phòng  |b Nxb Hải Phòng  |c 1994 
300 # # |a 286 tr.  |c 19 cm. 
650 # 4 |a Truyện 
650 # 4 |a Văn học hiện đại 
653 # # |a Việt Nam 
852 # # |b Kho mượn  |j KM.0007788, KM.0007789, KM.0007790, KM.0009635 
852 # # |b Kho đọc  |j KD.0005654 
852 # # |j KM.0007788  |j KM.0007789  |j KD.0005654  |j KM.0007790  |j KM.0009635 
910 0 # |a nhnam  |d 13/05/2011 
980 # # |a Trung tâm Học liệu Lê Vũ Hùng, Trường Đại học Đồng Tháp